Furto, Roubo e Extorsô

Bibliographic Details
Main Author: Ballan Junior, Octahydes
Format: Book
Language:Portuguese
Published: Brasil JH Mizuno 2013
Subjects:
Online Access:Acceso restringido

MARC

LEADER 00000nam a22000007a 4500
005 20160419113350.0
007 cr|||| ||u|
008 160419t2013 bl ||||| |||| 00||0 por d
020 |a 978-85-7789-162-7 
035 |a 14122 
040 |a vLex 
090 |c 6011  |d 6011 
100 1 |a Ballan Junior, Octahydes 
245 1 0 |a  Furto, Roubo e Extorsô  |h [Recurso electrn̤ico] /  |c Octahydes Ballan Junior 
256 |a Servicio en ln̕ea  
260 |a Brasil  |b JH Mizuno  |c 2013 
300 |a 1 recurso electrn̤ico  
506 1 |a Contenido solo disponible en los productos indicados  |d vLex Global  |d vLex Global (Academic Edition, excluding Law Schools)  |d vLex Global (U.S. Academic Edition, Law Schools)  |d vLex Global (U.S. Academic Edition, excluding Law Schools)  |d vLex Global (Academic Edition, Law Schools) 
650 0 4 |a Derecho penal  |z Brasil  
740 0 |a vLex libros (servicio en ln̕ea)  
856 4 0 |u http://vlex.com/source/furto-roubo-extors-o-14122  |z Acceso restringido  
942 0 |c BOOK 
999 0 |a Criminal Law  |b Brasil